[Event "ZL-2011-0-00901"]
[Site "LSS email"]
[Date "2011.04.24"]
[Round "?"]
[White "Parker, Steph"]
[Black "Mazzocchi, Pierfrancesco"]
[Result "1-0"]
[WhiteElo "1373"]
[BlackElo "1082"]
[PlyCount "79"]
[EventDate "2011.04.15"]
[EventType "match (corr)"]
[EventRounds "2"]
[EventCountry "GER"]
[SourceTitle "Telechess CBM 147"]
[Source "ChessBase"]
[SourceDate "2012.03.16"]
[SourceVersion "1"]
[SourceVersionDate "2012.03.16"]
[SourceQuality "1"]

1. Nf3 d5 2. g3 c6 3. Bg2 Bf5 4. 0-0 Nf6 5. d3 e6 6. Nbd2 Nbd7 7. Qe1 Bb4 8. e4 dxe4 9. Nd4 Bg4 10. dxe4 Qc7 11. c3 Bd6 12. Nc4 e5 13. h3 Bh5 14. Nxd6+ Qxd6 15. Nf5 Qf8 16. Qe3 g6 17. Nh6 g5 18. Qxg5 Bg6 19. Qh4 0-0-0 20. Bg5 Qd6 21. Rad1 Qe6 22. Rd2 c5 23. Rfd1 Nxe4 24. Bxe4 f6 25. Be3 Bxe4 26. Qxe4 Rhe8 27. Nf5 Nb6 28. Nd6+ Rxd6 29. Rxd6 Qc4 30. Qxh7 Qg8 31. Qf5+ Kb8 32. Qxf6 Rc8 33. Rd8 Qh7 34. Bxc5 Qxh3 35. Qxe5+ Ka8 36. R1d4 Qh6 37. Bxb6 Qc1+ 38. Kg2 Qxc3 39. bxc3 Rxd8 40. Rxd8# 1-0

[Event "SEMI B045 email"]
[Site "SEMI email"]
[Date "2004.11.01"]
[Round "?"]
[White "Mazzocchi, Pierfrancesco"]
[Black "Kelbl, Jiri"]
[Result "1-0"]
[WhiteElo "1100"]
[BlackElo "1200"]
[PlyCount "55"]
[EventDate "2004.11.01"]
[EventType "tourn (corr)"]
[EventRounds "6"]
[EventCountry "ITA"]
[SourceTitle "Corr 2008"]
[Source "ChessBase"]
[SourceDate "2008.06.24"]
[SourceVersion "1"]
[SourceVersionDate "2008.06.24"]
[SourceQuality "1"]

1. e4 e5 2. Nf3 Nc6 3. Bc4 Bc5 4. c3 Nf6 5. d4 exd4 6. cxd4 Bb4+ 7. Bd2 Bxd2+ 8. Nbxd2 Nxe4 9. Nxe4 d5 10. Bd3 dxe4 11. Bxe4 Qe7 12. 0-0 Qf6 13. Re1 0-0 14. Rc1 Qd6 15. Qb3 Nxd4 16. Nxd4 Qxd4 17. Rxc7 Be6 18. Qc2 Bd5 19. Bxh7+ Kh8 20. Bf5 g6 21. Rd1 Qe5 22. f4 Qe3+ 23. Qf2 Qxf2+ 24. Kxf2 Bxa2 25. Be4 Rab8 26. Bxb7 Be6 27. Ra1 Bc8 28. Rxa7 1-0

[Event "SEMI B045 email"]
[Site "SEMI email"]
[Date "2004.11.01"]
[Round "?"]
[White "Raiteri, Enrico"]
[Black "Mazzocchi, Pierfrancesco"]
[Result "1-0"]
[WhiteElo "1000"]
[BlackElo "1100"]
[PlyCount "101"]
[EventDate "2004.11.01"]
[EventType "tourn (corr)"]
[EventRounds "6"]
[EventCountry "ITA"]
[SourceTitle "Corr 2008"]
[Source "ChessBase"]
[SourceDate "2008.06.24"]
[SourceVersion "1"]
[SourceVersionDate "2008.06.24"]
[SourceQuality "1"]

1. e4 e5 2. f4 exf4 3. Nf3 g5 4. h4 g4 5. Ne5 Nf6 6. d4 d6 7. Nd3 Nxe4 8. Bxf4 Qe7 9. Be2 Bg7 10. Nc3 Nxc3 11. bxc3 0-0 12. h5 Re8 13. Kd2 Qe4 14. Bxg4 Qxg2+ 15. Be2 Bg4 16. Rh2 Rxe2+ 17. Qxe2 Qxe2+ 18. Rxe2 Bxe2 19. Kxe2 Nd7 20. h6 Re8+ 21. Kf3 Bf6 22. Rb1 Nb6 23. a3 Kf8 24. Nf2 Bh4 25. Ng4 Re6 26. Ne3 Rg6 27. a4 Nxa4 28. Rxb7 Bf6 29. Rxc7 a5 30. Ra7 Nxc3 31. Nf5 Ke8 32. Nxd6+ Kf8 33. Rxf7+ Kg8 34. Rc7 Kf8 35. Rxc3 Bg5 36. Rc8+ Ke7 37. Rc7+ Ke6 38. Ne4 Bxf4 39. Kxf4 Kd5 40. c3 Rc6 41. Rxh7 Kc4 42. d5 Rg6 43. Rc7+ Kb3 44. d6 Rxh6 45. d7 Rh4+ 46. Kg5 Rxe4 47. d8Q Kc2 48. Qd5 Re1 49. Qa2+ Kd3 50. Rd7+ Kxc3 51. Qxa5+ 1-0

[Event "IECG QF.2004.0.00057 email"]
[Site "IECG email"]
[Date "2004.09.04"]
[Round "?"]
[White "Faller, Peter"]
[Black "Mazzocchi, Pierfrancesco"]
[Result "0-1"]
[WhiteElo "1000"]
[BlackElo "1102"]
[PlyCount "60"]
[EventDate "2004.09.04"]
[EventType "tourn (corr)"]
[EventRounds "6"]
[SourceTitle "Corr 2008"]
[Source "ChessBase"]
[SourceDate "2008.06.24"]
[SourceVersion "1"]
[SourceVersionDate "2008.06.24"]
[SourceQuality "1"]

1. e4 e5 2. Nf3 d6 3. d4 Nf6 4. Nc3 Nbd7 5. Bc4 Nb6 6. b3 Nxc4 7. bxc4 Bg4 8. d5 c6 9. 0-0 Be7 10. h3 Bh5 11. g4 Bg6 12. Nh4 Nxe4 13. Nxg6 Nxc3 14. Qd3 hxg6 15. Qxc3 Rc8 16. Qb3 Qb6 17. Be3 Qa6 18. Kg2 g5 19. Rfc1 Bf6 20. a4 e4 21. Ra2 0-0 22. f3 cxd5 23. cxd5 Rc3 24. Qb5 Qxb5 25. axb5 exf3+ 26. Kxf3 Re8 27. Re1 Bd4 28. Kg2 Rexe3 29. Rc1 Rg3+ 30. Kh2 Rxh3+ 0-1

[Event "IECG QN.2003.0.00276 email "]
[Site "IECG email"]
[Date "2003.05.25"]
[Round "?"]
[White "Mazzocchi, Pierfrancesco"]
[Black "Arnaud, Mike"]
[Result "1-0"]
[WhiteElo "800"]
[BlackElo "893"]
[PlyCount "41"]
[EventDate "2003.05.25"]
[EventType "tourn (corr)"]
[EventRounds "6"]
[SourceTitle "Corr 2008"]
[Source "ChessBase"]
[SourceDate "2008.06.24"]
[SourceVersion "1"]
[SourceVersionDate "2008.06.24"]
[SourceQuality "1"]

1. e4 e5 2. Nc3 f5 3. f4 exf4 4. d4 Qh4+ 5. g3 fxg3 6. Nf3 Qh5 7. Bg2 Nf6 8. e5 Ne4 9. Nd5 Na6 10. Nf4 Qg4 11. h3 Nf2 12. Qe2 Bb4+ 13. c3 Qxf4 14. Bxf4 Nxh1 15. cxb4 Nf2 16. Nh4 0-0 17. Bd5+ Kh8 18. a3 Nxh3 19. Bxg3 Ng5 20. Ng6+ hxg6 21. Qh2+ 1-0

[Event "IECG QN.2003.0.00276 email "]
[Site "IECG email"]
[Date "2003.05.25"]
[Round "?"]
[White "Mazzocchi, Pierfrancesco"]
[Black "Venturas, Bob"]
[Result "1-0"]
[WhiteElo "800"]
[BlackElo "687"]
[PlyCount "47"]
[EventDate "2003.05.25"]
[EventType "tourn (corr)"]
[EventRounds "6"]
[SourceTitle "Corr 2008"]
[Source "ChessBase"]
[SourceDate "2008.06.24"]
[SourceVersion "1"]
[SourceVersionDate "2008.06.24"]
[SourceQuality "1"]

1. e4 e5 2. Nc3 Bb4 3. a3 Bxc3 4. dxc3 a6 5. Nf3 d6 6. Bc4 h6 7. 0-0 Nf6 8. Re1 Bd7 9. Qd3 Bg4 10. h3 Bh5 11. Be3 0-0 12. Rad1 Bg6 13. Nxe5 Bxe4 14. Qd2 Qe7 15. Nd3 d5 16. Bc5 Qd7 17. Bxf8 dxc4 18. Nc5 Qc6 19. Nxe4 Kxf8 20. Qd8+ Ne8 21. b4 b5 22. Nd6 cxd6 23. Rxd6 Nd7 24. Rxe8# 1-0